Unidades didácticas: una propuesta de trabajo en el aula
Na minha lista:
| Autor principal: | |
|---|---|
| Formato: | Livro |
| Idioma: | espanhol |
| Publicado em: |
Zaragoza
Edelvives
1993
|
| Colecção: | Aula Reforma, 6
|
| Assuntos: | |
| Tags: |
Adicionar Tag
Sem tags, seja o primeiro a adicionar uma tag!
|
MARC
| LEADER | 00000nam a2200000 a 4500 | ||
|---|---|---|---|
| 001 | UCO7086 | ||
| 003 | CL-VaPUC | ||
| 008 | 001110e19930000SP |||||||||||||||||spa|d | ||
| 082 | 0 | 4 | |a 375 |b ESC |2 21 |
| 100 | 0 | |a Escamilla González, Amparo |e author |9 451746 | |
| 245 | 1 | 0 | |a Unidades didácticas: una propuesta de trabajo en el aula |
| 300 | |a 192 p | ||
| 942 | |c BK | ||
| 945 | |d 20001110 00:00:00 |a vberengu | ||
| 260 | |a Zaragoza |b Edelvives |c 1993 | ||
| 650 | 0 | |a Currículo |9 307290 | |
| 650 | 7 | |a DESARROLLO DE LOS CURRICULOS |2 CL-VaPUC |9 338829 | |
| 650 | 7 | |a GUIAS PEDAGOGICAS |2 CL-VaPUC |9 451747 | |
| 650 | 7 | |a INSTRUCCIONES DIDACTICAS |2 CL-VaPUC |9 340154 | |
| 650 | 0 | |a Planificación del currículo |9 269599 | |
| 583 | |a last modification |c 20001110 00:00:00 |k Rodrigo Vera | ||
| 490 | 0 | |a Aula Reforma, 6 | |
| 999 | |c 292294 |d 292292 | ||
| 952 | |0 0 |1 0 |4 0 |6 375_000000000000000_ESC_1993 |7 0 |8 A |9 343070 |a BIBEDU |b BIBEDU |d 2019-11-20 |i 3661253 |o 375 ESC 1993 |p 3661253 |r 2019-11-20 |w 2019-11-20 |y BK |k BME | ||